000
00335nam a2200133Ia 4500
008
240624s9999 xx 000 0 und d
041
_a
eng
082
_a
658.4092 PIR
100
_a
PIRAMAL GITA
245
_a
SMART LEADERSHIP INSIGHTS FOR CEOS
260
_c
2005
_a
New Delhi
_b
Penguin Books
300
_a
207p. : cm. ; 21
365
_c
BPS
999
_c
3600
_d
3600